000
00280nam a2200121Ia 4500
008
190216s9999||||xx |||||||||||||| ||und||
100
_a
Palgrave F T
245
4
_a
The Golden Treasury
260
_b
A Mentor Book
_c
1961
300
_a
564p
650
_a
English Poetry
942
_c
BK
999
_c
12327
_d
12327